Statistiken für Teuerste Transfers von Mainz 05 (Verkäufe)

Klicken Sie hier um das Quiz zu spielen!

Allgemein

  • Dieses Quiz wurde 67 mal gespielt
  • Das Durchschnittsergebnis liegt bei 9 aus 21

Antwortstatistiken

SaisonAblöse in MioNeuer VereinSpieler% Korrekt
18/1928DortmundAbdou Diallo
76%
11/1214LeverkusenAndré Schürrle
73%
19/2025EvertonJean-Philippe Gbamin
61%
21/2211Crystal PalaceJean-Philippe Mateta
61%
23/2411HoffenheimAnton Stach
55%
22/2310SportingJerry St. Juste
47%
15/1611LeicesterShinji Okazaki
47%
16/176,2LiverpoolLoris Karius
45%
13/148SchalkeAdam Szalai
43%
17/1817KölnJhon Cordoba
39%
22/2310NottinghamMoussa Niakhate
39%
20/2110WolfsburgRidle Baku
37%
18/1911SchalkeSuat Serdar
33%
16/1712,5WolfsburgYunus Malli
33%
10/115Al-Ahli (UAE)Aristide Bancé
31%
21/225StuttgartFlorian Müller
31%
23/247,2RC LensAngelo Fulgini
29%
07/086,5HamburgMohamed Zidan
29%
18/1910,7NewcastleYoshinori Muto
27%
15/1610,5SchalkeJohannes Geis
22%
15/165FC AugsburgJa-cheol Koo
6%

Verteilung der Resultate

Perzentil nach korrekt beantworteten Fragen

Anzahl Personen mit jedem Resultat

Ihre Resultats-Entwicklung

Sie haben dieses Quiz noch nicht gespielt